000 00520nam a2200181Ia 4500
008 140925s9999 xx 000 0 und d
020 _a2159-8371
245 _aDisability Studies Quarterly /
_h[electronic resource]
260 _bSociety for Disability Studies,
_cc2014.
516 _aElectronic text
650 _aDisabilities.
650 _aSpecial Education.
650 _aStudies.
830 _aSociety for Disability Studies
856 _uhttp://dsq-sds.org/
942 _cEJ
999 _c275720
_d275720